000 00396nam a2200157Ia 4500
008 221030s9999 xx 000 0 und d
020 _a8188114405
041 _aEnglish
082 _a105.23
100 _aY. V. Chavan
245 0 _aComputer Networks (Inducing Data Communication)
_cby Y. V. Chavan
260 _bUmesh Pub
_aDelhi
_c2008
300 _a293
650 _aBE Computer
942 _cBK
999 _c3281
_d3281